[Event "Ostsjaellands EMT 2007"]
[Site "Faxe"]
[Date "2007.03.21"]
[Round "1"]
[White "Hansen, Arne Mandrup"]
[Black "Jensen, Leif"]
[Result "0-1"]
[WhiteElo "1385"]
[BlackElo "2057"]
[PlyCount "82"]
[EventDate "2007.??.??"]

1. d4 d5 2. Bf4 c6 3. e3 Bf5 4. Nf3 e6 5. c4 Nf6 6. Nc3 Qb6 7. Qb3 Nbd7 8. h3
Bb4 9. c5 Qa5 10. Ne5 Rc8 11. Nxd7 Nxd7 12. Be2 b6 13. Bd6 bxc5 14. dxc5 Nxc5
15. Bxc5 Qxc5 16. O-O Bxc3 17. Qxc3 Qxc3 18. bxc3 Rb8 19. c4 Rb2 20. Rfe1 Kd7
21. cxd5 exd5 22. Bd1 Rhb8 23. Bb3 Bc2 24. Rec1 Bd3 25. Rc3 Rb1+ 26. Rxb1 Bxb1
27. Rc5 Kd6 28. Ra5 Rb7 29. f3 f6 30. Kf2 Bd3 31. Ra4 c5 32. f4 c4 33. Ra6+ Kc5
34. Ra5+ Kb4 35. Ra4+ Kc3 36. Bd1 Kd2 37. Bf3 c3 38. Bxd5 c2 39. Bxb7 c1=Q 40.
Rd4 Qe1+ 41. Kf3 Qxe3+ 0-1

[Event "Ostsjaellands EMT 2007"]
[Site "Faxe"]
[Date "2007.03.21"]
[Round "1"]
[White "Christensen, Lars (1957)"]
[Black "Christoffersen, Ib"]
[Result "1-0"]
[WhiteElo "1974"]
[BlackElo "1380"]
[PlyCount "49"]
[EventDate "2007.??.??"]

1. e4 e5 2. f4 Nc6 3. Nf3 d6 4. Bc4 Be7 5. c3 Bg4 6. d4 Bf6 7. fxe5 dxe5 8. d5
Nce7 9. Qb3 Qc8 10. O-O Ng6 11. Be3 Nf4 12. Bxf4 exf4 13. e5 Bd8 14. Nbd2 Nh6
15. e6 O-O 16. Ne5 fxe6 17. dxe6 Be7 18. Nd7 Rf5 19. Bd3 Rg5 20. Rxf4 Bh3 21.
Be4 c6 22. Raf1 Qc7 23. Rf8+ Rxf8 24. Rxf8+ Bxf8 25. e7+ 1-0

[Event "Ostsjaellands EMT 2007"]
[Site "Faxe"]
[Date "2007.03.21"]
[Round "1"]
[White "Andersen, Hans Poul"]
[Black "Sorensen, Soren"]
[Result "0-1"]
[WhiteElo "1352"]
[BlackElo "1763"]
[PlyCount "60"]
[EventDate "2007.??.??"]

1. e4 b6 2. Bc4 Bb7 3. d3 g6 4. Nc3 Bg7 5. Bd2 d6 6. Nf3 Nf6 7. O-O O-O 8. h3
Nbd7 9. a3 e6 10. Re1 h6 11. d4 Kh7 12. b4 c5 13. d5 exd5 14. exd5 cxb4 15.
axb4 a6 16. Rb1 Qc7 17. Bb3 Rfe8 18. Nh2 b5 19. Ng4 Rxe1+ 20. Qxe1 Re8 21. Qd1
Nxg4 22. Qxg4 Ne5 23. Qe2 Nc4 24. Qd3 Nxd2 25. Qxd2 Bxc3 26. Qd3 Bxb4 27. Qf3
Bc5 28. Rf1 Re5 29. g4 Bc8 30. Qd3 Qe7 0-1

[Event "Ostsjaellands EMT 2007"]
[Site "Faxe"]
[Date "2007.03.21"]
[Round "1"]
[White "Eriksen, Keld"]
[Black "Nesheim, Erik"]
[Result "1-0"]
[WhiteElo "1745"]
[BlackElo "1311"]
[PlyCount "59"]
[EventDate "2007.??.??"]

1. e4 b6 2. d4 Bb7 3. f3 a6 4. Nc3 e6 5. Bd3 h6 6. Nge2 Ne7 7. Bf4 d6 8. O-O
Nd7 9. Qd2 g6 10. Rad1 Bg7 11. b4 g5 12. Bg3 Ng6 13. e5 d5 14. Bxg6 fxg6 15.
Qd3 Nf8 16. h3 Qe7 17. f4 g4 18. hxg4 Qxb4 19. f5 O-O-O 20. f6 Bxf6 21. Rxf6 g5
22. Rdf1 Qe7 23. Rf7 Qe8 24. Qf3 Nd7 25. Qd3 Nf8 26. Be1 Rd7 27. Rxd7 Qxd7 28.
Ng3 Kb8 29. Nh5 Qh7 30. Rxf8+ 1-0

[Event "Ostsjaellands EMT 2007"]
[Site "Faxe"]
[Date "2007.03.21"]
[Round "1"]
[White "Voigt, Keld"]
[Black "Hansen, Knud"]
[Result "0-1"]
[WhiteElo "1303"]
[BlackElo "1660"]
[PlyCount "66"]
[EventDate "2007.??.??"]

1. e4 e5 2. Nc3 d6 3. Bc4 Nf6 4. d3 Be7 5. Bg5 O-O 6. Bxf6 Bxf6 7. h3 Nc6 8.
Nf3 Na5 9. Nd2 a6 10. b4 Nxc4 11. Nxc4 Be6 12. Ne3 c6 13. O-O Qd7 14. Ng4 Bg5
15. d4 exd4 16. Qxd4 Bxg4 17. hxg4 Bf6 18. Qe3 Qxg4 19. Rad1 Rad8 20. Na4 Rfe8
21. f3 Qe6 22. Qb6 Rd7 23. Qa5 Qxa2 24. Qf5 Rdd8 25. Nb6 Re5 26. Qg4 Re6 27. c4
Qb2 28. Rb1 Qd4+ 29. Kh1 Qxb6 30. c5 dxc5 31. bxc5 Qxc5 32. Rxb7 Bg5 33. Qh5
Rh6 0-1

[Event "Ostsjaellands EMT 2007"]
[Site "Faxe"]
[Date "2007.03.21"]
[Round "1"]
[White "Toftvang, Ove"]
[Black "Hansen, Egon"]
[Result "0-1"]
[WhiteElo "1216"]
[BlackElo "1546"]
[PlyCount "121"]
[EventDate "2007.??.??"]

1. f4 d5 2. d4 Nf6 3. Nf3 Bf5 4. g3 e6 5. c3 c5 6. Bg2 Nc6 7. O-O Bd6 8. b3 O-O
9. a3 h6 10. e3 Rc8 11. h3 Ne4 12. Kh2 g5 13. g4 Bg6 14. Ne5 Kg7 15. Bxe4 Bxe4
16. Nd2 Bh7 17. Kh1 f6 18. Nxc6 bxc6 19. f5 e5 20. e4 Bg8 21. dxc5 Bxc5 22. b4
Bb6 23. Qe1 dxe4 24. h4 Qd3 25. Kh2 Qxc3 26. Rb1 Bd5 27. Bb2 Qd3 28. Rd1 Qc2
29. Bxe5 fxe5 30. Qg3 Kf6 31. Kh3 Rcd8 32. Rfe1 Qd3 33. Nxe4+ Bxe4 34. Rxd3
Rxd3 35. Rxe4 Rxg3+ 36. Kxg3 Rd8 37. hxg5+ hxg5 38. a4 Rd3+ 39. Kg2 Bd4 40. Re1
c5 41. bxc5 Bxc5 42. Rc1 Bb4 43. Rc6+ Rd6 44. Rc4 a5 45. Kf3 Rd4 46. Rc6+ Kf7
47. Ra6 Rf4+ 48. Kg3 e4 49. Rg6 Be1+ 50. Kh3 Rf3+ 51. Kg2 Rg3+ 52. Kf1 Bd2 53.
Ke2 Bf4 54. Ra6 Rxg4 55. Rxa5 Rg2+ 56. Kf1 Ra2 57. Ra6 e3 58. a5 e2+ 59. Kf2
Bg3+ 60. Kxg3 e1=Q+ 61. Kg4 0-1

[Event "Ostsjaellands EMT 2007"]
[Site "Faxe"]
[Date "2007.03.21"]
[Round "1"]
[White "Eckert, Svend"]
[Black "Eriksen, Knud Ejler"]
[Result "1-0"]
[WhiteElo "1513"]
[BlackElo "1197"]
[PlyCount "75"]
[EventDate "2007.??.??"]

1. c4 c5 2. e3 e6 3. Nf3 Nf6 4. d4 a6 5. Nc3 d5 6. cxd5 exd5 7. Be2 cxd4 8.
Nxd4 Nc6 9. O-O Be7 10. Bf3 O-O 11. Re1 Bc5 12. Nb3 Bb4 13. Bd2 Be6 14. a3 Bd6
15. g3 Ne5 16. Be2 Bh3 17. Na4 Rc8 18. Rc1 Ne4 19. Rxc8 Qxc8 20. Nd4 Qd8 21.
Nc3 Nxc3 22. Bxc3 Qg5 23. f4 Qg6 24. fxe5 Bxe5 25. Qd3 f5 26. Kh1 h5 27. Rg1
Kh7 28. Nf3 Bc7 29. Be5 Bb6 30. Bf4 Kh8 31. Ng5 Qc6 32. Nxh3 d4+ 33. Rg2 Qc1+
34. Qd1 Qc6 35. Bf3 Qc8 36. exd4 Re8 37. Bd5 Rd8 38. Qxh5# 1-0

[Event "Ostsjaellands EMT 2007"]
[Site "Faxe"]
[Date "2007.03.21"]
[Round "1"]
[White "Jepsen, Finn"]
[Black "Christoffersen, Per"]
[Result "0-1"]
[WhiteElo "1178"]
[BlackElo "1495"]
[PlyCount "68"]
[EventDate "2007.??.??"]

1. Nf3 Nf6 2. c4 e6 3. e3 d5 4. b3 Bd6 5. Be2 c6 6. Bb2 Nbd7 7. Nc3 e5 8. cxd5
cxd5 9. Nb5 Bb8 10. d4 e4 11. Ne5 a6 12. Nc3 Nxe5 13. dxe5 Bxe5 14. Qc2 O-O 15.
O-O Qc7 16. g3 d4 17. exd4 Bxd4 18. Rac1 Qe5 19. Na4 Bxb2 20. Nxb2 Bh3 21. Nc4
Qe6 22. Rfe1 Rac8 23. Qb2 Rc7 24. Ne3 Rfc8 25. Rxc7 Rxc7 26. Rc1 Rc6 27. Bc4
Qc8 28. Rc2 Ng4 29. Nd5 Qd8 30. Rd2 Qe8 31. Re2 Ne5 32. Rxe4 Nf3+ 33. Kh1 Qxe4
34. Qe2 Qb1+ 0-1

[Event "Ostsjaellands EMT 2007"]
[Site "Faxe"]
[Date "2007.03.21"]
[Round "1"]
[White "Wehlast, Svend Erik"]
[Black "Lillebro, Verner"]
[Result "0-1"]
[WhiteElo "1395"]
[BlackElo "1177"]
[PlyCount "134"]
[EventDate "2007.??.??"]

1. d4 d5 2. h3 Bf5 3. a3 Nf6 4. Bf4 e6 5. e3 Bd6 6. Bxd6 Qxd6 7. Nf3 O-O 8. c4
c5 9. Nc3 cxd4 10. Nxd4 Bg6 11. Ncb5 Qd7 12. cxd5 Nxd5 13. Rc1 a6 14. Nc3 Nc6
15. Be2 Nxc3 16. Rxc3 Nxd4 17. O-O Nxe2+ 18. Qxe2 Rfd8 19. Rfc1 Rac8 20. Rxc8
Rxc8 21. Rd1 Qc7 22. Qd2 h6 23. b4 b5 24. f3 Qc3 25. Qd7 Qxe3+ 26. Kh1 Rc4 27.
Qb7 Qxa3 28. Rd8+ Kh7 29. Qb8 Bf5 30. Rh8+ Kg6 31. Qg3+ Kf6 32. Rg8 Bg6 33. Qb8
Qa1+ 34. Kh2 Qe5+ 35. Qxe5+ Kxe5 36. Ra8 Rxb4 37. Rxa6 Bd3 38. Kg3 f5 39. h4 g5
40. hxg5 hxg5 41. Ra8 g4 42. Rb8 gxf3 43. Kxf3 Rb2 44. Ke3 Be4 45. g3 b4 46.
Rb5+ Kf6 47. g4 b3 48. gxf5 exf5 49. Rb8 Rb1 50. Rf8+ Ke5 51. Re8+ Kd6 52. Rd8+
Kc7 53. Rd2 Kc6 54. Kd4 Bc2 55. Kc3 Rd1 56. Rf2 Rd3+ 57. Kb2 Rd4 58. Rh2 f4 59.
Rh6+ Kd5 60. Rf6 Ke4 61. Re6+ Kf3 62. Rh6 Ke2 63. Re6+ Re4 64. Rh6 f3 65. Rh1
Rf4 66. Kc1 f2 67. Rh2 Ke1 0-1

[Event "Ostsjaellands EMT 2007"]
[Site "Faxe"]
[Date "2007.04.11"]
[Round "1"]
[White "Refsgaard, Kaj"]
[Black "Nielsen, Poul Erik2"]
[Result "1-0"]
[WhiteElo "1641"]
[BlackElo "1257"]
[PlyCount "85"]
[EventDate "2007.??.??"]

1. d4 e6 2. Nf3 c5 3. c3 cxd4 4. Nxd4 Nf6 5. Bg5 Be7 6. e3 a6 7. Bd3 d5 8. O-O
O-O 9. Nd2 e5 10. Ne2 e4 11. Bc2 Nc6 12. Bb3 Bg4 13. Re1 Ne5 14. h3 Bh5 15. g4
Nexg4 16. hxg4 Nxg4 17. Bf4 Bh4 18. Ng3 Bxg3 19. Bxg3 Qf6 20. Qe2 Rad8 21. Qf1
Bg6 22. Qg2 h5 23. c4 dxc4 24. Nxc4 b5 25. Nd6 Rxd6 26. Bxd6 Qxd6 27. Red1 Qb6
28. Qg3 Qf6 29. Rd6 Qxb2 30. Rad1 Kh7 31. R1d4 a5 32. Bd1 Bf5 33. Rd2 Qc3 34.
Qf4 g6 35. Bxg4 Bxg4 36. Qxe4 Qc1+ 37. Kg2 Bf5 38. Qe7 Qc8 39. f3 Be6 40. Qf6
a4 41. Rd8 Rxd8 42. Rxd8 Qc2+ 43. Kg3 1-0

[Event "Ostsjaellands EMT 2007"]
[Site "Faxe"]
[Date "2007.03.28"]
[Round "2"]
[White "Sorensen, Soren"]
[Black "Christoffersen, Per"]
[Result "1-0"]
[WhiteElo "1763"]
[BlackElo "1495"]
[PlyCount "111"]
[EventDate "2007.??.??"]

1. e4 e6 2. Be2 d5 3. exd5 exd5 4. Nf3 Bd6 5. O-O Ne7 6. Nc3 c6 7. d4 O-O 8.
Re1 Qc7 9. h3 Nd7 10. Bd3 h6 11. Be3 Nf6 12. Qd2 Nf5 13. Re2 Nxe3 14. fxe3 Be6
15. e4 Bf4 16. Qd1 dxe4 17. Nxe4 Nxe4 18. Bxe4 Bc4 19. Bd3 Bd5 20. Qf1 Qb6 21.
c3 Qc7 22. Ne5 Bxe5 23. Rxe5 f6 24. Rxd5 cxd5 25. Qf5 Qg3 26. Qxd5+ Kh8 27. Qe4
f5 28. Qf3 Qxf3 29. gxf3 Rae8 30. Kf2 f4 31. Be4 b6 32. c4 g5 33. b4 h5 34. c5
g4 35. hxg4 hxg4 36. c6 g3+ 37. Kg2 Rf6 38. Rh1+ Kg8 39. d5 Re7 40. a4 a5 41.
bxa5 bxa5 42. Rb1 Rh6 43. Rh1 Rf6 44. Rh7 Re8 45. Rd7 Rh6 46. c7 Rc8 47. d6 Kf8
48. Bb7 Rh2+ 49. Kg1 Rb2 50. Ba6 Ke8 51. Rh7 Rb1+ 52. Bf1 Rd1 53. Re7+ Kf8 54.
d7 Rxc7 55. Re8+ Kf7 56. d8=Q 1-0

[Event "Ostsjaellands EMT 2007"]
[Site "Faxe"]
[Date "2007.03.28"]
[Round "2"]
[White "Lillebro, Verner"]
[Black "Eriksen, Keld"]
[Result "0-1"]
[WhiteElo "1177"]
[BlackElo "1745"]
[PlyCount "86"]
[EventDate "2007.??.??"]

1. e4 c5 2. Nf3 Nc6 3. Bc4 e6 4. Nc3 a6 5. d4 b5 6. Be2 cxd4 7. Nxd4 Bb7 8.
Nxc6 Bxc6 9. Bd3 Bc5 10. a3 Ne7 11. b4 Ba7 12. Qe2 d5 13. exd5 Nxd5 14. Ne4 Bd4
15. Rb1 f5 16. Ng5 Bc3+ 17. Kf1 Qf6 18. Qxe6+ Qxe6 19. Nxe6 Kf7 20. Nc5 Rhe8
21. Bb2 Bxb2 22. Rxb2 Nf4 23. f3 Re5 24. Kf2 a5 25. c3 Rxc5 26. Rd2 Rd5 27.
Rhd1 axb4 28. axb4 Rad8 29. Ke3 Rxd3+ 30. Rxd3 Rxd3+ 31. Rxd3 Nxd3 32. Kxd3 Bd5
33. Ke3 Ke6 34. g3 h5 35. f4 Kd6 36. Kd3 Bc4+ 37. Kd4 Bf1 38. Ke3 Kd5 39. Kd2
Ke4 40. Ke1 Bc4 41. Kd2 Kf3 42. Ke1 Ke3 43. Kd1 Kd3 0-1

[Event "Ostsjaellands EMT 2007"]
[Site "Faxe"]
[Date "2007.03.28"]
[Round "2"]
[White "Hansen, Knud"]
[Black "Refsgaard, Kaj"]
[Result "1-0"]
[WhiteElo "1660"]
[BlackElo "1641"]
[PlyCount "81"]
[EventDate "2007.??.??"]

1. e4 c5 2. Bc4 e6 3. a3 g6 4. d3 Bg7 5. Ne2 b5 6. Ba2 Nc6 7. Nd2 Nf6 8. O-O
O-O 9. Ng3 Bb7 10. f4 d5 11. e5 Nd7 12. c3 a5 13. Nf3 b4 14. d4 bxa3 15. bxa3
cxd4 16. cxd4 f6 17. Rb1 Ba6 18. Re1 f5 19. Be3 Qe7 20. Qa4 Rac8 21. Ne2 Qd8
22. Ng5 Re8 23. Nxe6 Rxe6 24. Bxd5 Kf7 25. Bxe6+ Kxe6 26. Qb3+ Ke7 27. Nc3 Bd3
28. Nd5+ Kf8 29. Qxd3 Ndb8 30. Nb6 Rc7 31. d5 Rd7 32. Qc4 Ne7 33. d6 Ng8 34.
Rbc1 Rb7 35. Bc5 Nd7 36. Nxd7+ Rxd7 37. e6 Rxd6 38. Bxd6+ Qxd6 39. Qc8+ Ke7 40.
Qb7+ Kf8 41. Qf7# 1-0

[Event "Ostsjaellands EMT 2007"]
[Site "Faxe"]
[Date "2007.03.28"]
[Round "2"]
[White "Nielsen, Poul Erik2"]
[Black "Wehlast, Svend Erik"]
[Result "1-0"]
[WhiteElo "1257"]
[BlackElo "1395"]
[PlyCount "141"]
[EventDate "2007.??.??"]

1. Nf3 d5 2. d4 h6 3. c4 e6 4. cxd5 exd5 5. a3 Nf6 6. Nc3 Be6 7. Qc2 c6 8. h3
Be7 9. e4 dxe4 10. Nxe4 Bd5 11. Bd3 O-O 12. O-O Nbd7 13. Re1 Nxe4 14. Bxe4 Nf6
15. Bxd5 Nxd5 16. Be3 Bd6 17. Rad1 Qc7 18. Ne5 Bxe5 19. dxe5 Rfe8 20. Rxd5 Rxe5
21. Rxe5 Qxe5 22. Qb3 b6 23. Bd2 Qf5 24. Bc3 Rd8 25. Qa4 Qd7 26. Bb4 a5 27. Bc3
Qd5 28. Re5 Qd7 29. Re3 Qd5 30. Rg3 g6 31. Qf4 Kh7 32. Qf6 Rg8 33. Qd4 Qxd4 34.
Bxd4 c5 35. Be3 f5 36. Bf4 Rg7 37. Be5 Rd7 38. Rc3 Rd5 39. Bc7 Rd1+ 40. Kh2 Rd2
41. Bxb6 Rxf2 42. Bxc5 Rxb2 43. Bd4 Rb7 44. Rc5 Rd7 45. Be5 a4 46. Rc7 Rxc7 47.
Bxc7 g5 48. g3 Kg6 49. Kg2 Kf6 50. Kf3 Ke6 51. Ke3 Kd5 52. Kd3 h5 53. Bb6 Ke5
54. Kc4 Ke4 55. Kb4 Kf3 56. Bc7 Kg2 57. Kxa4 Kxh3 58. Kb5 Kg4 59. Kc4 h4 60.
gxh4 gxh4 61. Kd3 f4 62. Ke2 Kg3 63. Kf1 h3 64. Kg1 Kf3 65. a4 Ke4 66. a5 f3
67. Bg3 Kd5 68. a6 Kc6 69. a7 Kb7 70. Bf2 Ka8 71. Kh2 1-0

[Event "Ostsjaellands EMT 2007"]
[Site "Faxe"]
[Date "2007.03.28"]
[Round "2"]
[White "Voigt, Keld"]
[Black "Hansen, Arne Mandrup"]
[Result "1-0"]
[WhiteElo "1303"]
[BlackElo "1385"]
[PlyCount "56"]
[EventDate "2007.??.??"]

1. b3 f5 2. e3 Nf6 3. Nc3 e6 4. Be2 Be7 5. a4 a6 6. Nh3 d5 7. d4 O-O 8. Ba3 Nc6
9. Bxe7 Qxe7 10. O-O Nb4 11. Nf4 Ne4 12. Nxe4 fxe4 13. c3 Nc6 14. f3 Rxf4 15.
exf4 e3 16. Qd3 Bd7 17. Qxe3 Rf8 18. Qd2 Rf6 19. Bd3 Rh6 20. g3 Qf6 21. Rfe1
Ne7 22. Re5 Ng6 23. Bxg6 Rxg6 24. Kh1 h5 25. Rxh5 Be8 26. Rh4 Qe7 27. Re1 Qf8
28. Qc2 Bd7 1-0

[Event "Ostsjaellands EMT 2007"]
[Site "Faxe"]
[Date "2007.03.28"]
[Round "2"]
[White "Eriksen, Knud Ejler"]
[Black "Andersen, Hans Poul"]
[Result "1/2-1/2"]
[WhiteElo "1197"]
[BlackElo "1352"]
[PlyCount "116"]
[EventDate "2007.??.??"]

1. e4 e5 2. Nf3 Nc6 3. Bb5 Nge7 4. c3 a6 5. Ba4 d6 6. d3 h6 7. h3 Bd7 8. Be3
Ng6 9. Nbd2 Be7 10. O-O O-O 11. a3 b5 12. Bb3 Na5 13. Bc2 Nb7 14. b4 Be6 15.
Qe2 c6 16. Rad1 Qc8 17. Nh2 a5 18. Rb1 axb4 19. axb4 Ra3 20. Nb3 Ra2 21. Qd1
Ra8 22. Qd2 Kh7 23. Bd1 f5 24. exf5 Bxf5 25. Bf3 Be6 26. Bg4 Bxg4 27. Nxg4 Nf4
28. Nc1 Bg5 29. Ne2 Nxe2+ 30. Qxe2 Qf5 31. Bxg5 Qxg5 32. Qe4+ Qf5 33. Qxc6 Rf7
34. Qxb5 Ra2 35. Qd5 Rd2 36. Rbd1 Rxd1 37. Rxd1 h5 38. Nh2 Qxf2+ 39. Kh1 Qe2
40. Rb1 Re7 41. Nf3 Qc2 42. Qe4+ g6 43. Ra1 Qxc3 44. Ra7 Qc1+ 45. Ng1 Qc7 46.
Qd5 Rg7 47. Kh2 Qb6 48. Ra4 Qe3 49. b5 Nc5 50. Ra3 Qf4+ 51. Kh1 Qb4 52. Ra1 Qd4
53. Qxd4 exd4 54. Ra3 Rb7 55. Nf3 Ne6 56. Rb3 Nc5 57. Ra3 Ne6 58. Ra6 Rd7
1/2-1/2

[Event "Ostsjaellands EMT 2007"]
[Site "Faxe"]
[Date "2007.03.28"]
[Round "2"]
[White "Nesheim, Erik"]
[Black "Jepsen, Finn"]
[Result "1-0"]
[WhiteElo "1311"]
[BlackElo "1178"]
[PlyCount "99"]
[EventDate "2007.??.??"]

1. d4 f5 2. Bg5 b6 3. Nf3 d6 4. e3 Bb7 5. Be2 Nd7 6. Qd3 Be4 7. Qc3 Ngf6 8.
Nbd2 h6 9. Bxf6 Nxf6 10. Qb3 Bd5 11. c4 Bf7 12. Qb5+ Nd7 13. Qxf5 e6 14. Qe4
Be7 15. O-O O-O 16. a3 c5 17. d5 e5 18. Nh4 Bxh4 19. Bd3 Nf6 20. Qxh4 Qd7 21.
f4 exf4 22. Rxf4 Rae8 23. Re1 Qe7 24. Rf3 Qe5 25. Rb1 Qh5 26. Qg3 Ng4 27. Rf5
Rxe3 28. Rxh5 Rxg3 29. hxg3 Bxh5 30. Be2 Nf6 31. Bf3 Bg6 32. Re1 Re8 33. Re6
Rxe6 34. dxe6 Kf8 35. Bd5 Ke7 36. Kf2 Nxd5 37. cxd5 a5 38. Kf3 b5 39. Nf1 b4
40. Ne3 Bd3 41. g4 c4 42. axb4 axb4 43. Nd1 Bc2 44. Ne3 Bd3 45. Kf2 c3 46. bxc3
bxc3 47. Ke1 c2 48. Kd2 Be4 49. Nf5+ Ke8 50. Nxd6+ 1-0

[Event "Ostsjaellands EMT 2007"]
[Site "Faxe"]
[Date "2007.03.29"]
[Round "2"]
[White "Christoffersen, Ib"]
[Black "Toftvang, Ove"]
[Result "0-1"]
[WhiteElo "1380"]
[BlackElo "1216"]
[PlyCount "116"]
[EventDate "2007.??.??"]

1. d4 d5 2. Nc3 Nf6 3. Bf4 a6 4. e3 Nc6 5. Be2 b5 6. h3 e6 7. Nf3 Bd6 8. Ne5
Bxe5 9. dxe5 Nd7 10. O-O O-O 11. Bd3 Ndxe5 12. Rc1 Ng6 13. Bg3 f5 14. f4 Nb4
15. Be2 c5 16. Bf3 Nh4 17. Qe1 Nxf3+ 18. Rxf3 Bb7 19. Bh4 Qd7 20. Rg3 Qf7 21.
a3 Nc6 22. Qe2 d4 23. Nd1 c4 24. exd4 Nxd4 25. Qe5 Nc6 26. Qc3 Rae8 27. Bg5 e5
28. fxe5 Nxe5 29. Bh6 Ng6 30. Bd2 f4 31. Rg5 f3 32. Ne3 fxg2 33. Rf5 Qe6 34.
Rxf8+ Rxf8 35. Nxg2 Bxg2 36. Kxg2 Qe2+ 37. Kh1 Rf2 38. Qg3 Qe4+ 39. Kg1 Rxd2
40. Rf1 Qd4+ 41. Kh1 Qd5+ 42. Kg1 Qd8 43. Qf3 Qg5+ 44. Kh1 Qd5 45. Qxd5+ Rxd5
46. Rf2 h5 47. Kg2 h4 48. Kh2 Rd4 49. Kg2 Nf4+ 50. Kh2 g5 51. c3 Rd3 52. Rc2
Rxh3+ 53. Kg1 g4 54. Rf2 Rf3 55. Rd2 Nd3 56. Kh1 h3 57. Re2 g3 58. Re4 Rf1# 0-1

[Event "Ostsjaellands EMT 2007"]
[Site "Faxe"]
[Date "2007.03.29"]
[Round "2"]
[White "Jensen, Leif"]
[Black "Hansen, Egon"]
[Result "1-0"]
[WhiteElo "2057"]
[BlackElo "1546"]
[PlyCount "138"]
[EventDate "2007.??.??"]

1. e4 e5 2. Nc3 Bc5 3. Bc4 Nf6 4. d3 Nc6 5. Bg5 d6 6. Nd5 Na5 7. Nxf6+ gxf6 8.
Qf3 Rg8 9. Bxf6 Qd7 10. Bb3 Nxb3 11. axb3 Qg4 12. Qxg4 Bxg4 13. Bh4 Be6 14. Kf1
f5 15. exf5 Bxf5 16. Ne2 Kd7 17. f3 Raf8 18. Bf2 Bxf2 19. Kxf2 a6 20. Ra4 d5
21. Ng3 Bg6 22. Re1 Kd6 23. Rb4 b5 24. Ra1 Kc5 25. Rh4 Rf6 26. b4+ Kb6 27. Re1
Re8 28. Nf1 c6 29. Nd2 Kb7 30. Nb3 Rf7 31. Nc5+ Kb6 32. Ra1 Ra8 33. c3 Rfa7 34.
Kg1 a5 35. d4 axb4 36. Rxa7 Rxa7 37. cxb4 e4 38. fxe4 dxe4 39. Nxe4 Re7 40. Nc3
Re1+ 41. Kf2 Rc1 42. d5 Rc2+ 43. Kg1 Rc1+ 44. Kf2 Rc2+ 45. Ke3 Kc7 46. Rg4 Rxb2
47. dxc6 Kxc6 48. h3 Rc2 49. Kd4 Rd2+ 50. Ke5 Rd3 51. Ne4 Rd5+ 52. Kf6 Rd4 53.
Nf2 Kd5 54. h4 Rxg4 55. Nxg4 Kc4 56. Ne5+ Kxb4 57. Nxg6 hxg6 58. Kxg6 Ka3 59.
h5 b4 60. h6 b3 61. h7 b2 62. h8=Q b1=Q+ 63. Kg5 Qb5+ 64. Kg4 Qd7+ 65. Kh4 Qe7+
66. Kh3 Kb4 67. Qh4+ Qxh4+ 68. Kxh4 Kc5 69. Kg5 Kd6 1-0

[Event "Ostsjaellands EMT 2007"]
[Site "Faxe"]
[Date "2007.04.05"]
[Round "2"]
[White "Eckert, Svend"]
[Black "Christensen, Lars (1957)"]
[Result "0-1"]
[WhiteElo "1513"]
[BlackElo "1974"]
[PlyCount "68"]
[EventDate "2007.??.??"]

1. c4 Nf6 2. d4 c5 3. e3 g6 4. Nc3 Bg7 5. Nf3 O-O 6. Be2 cxd4 7. exd4 d5 8. O-O
Nc6 9. Be3 e6 10. Rc1 dxc4 11. Bxc4 Ne7 12. b3 b6 13. Qc2 Bb7 14. Qe2 a6 15. a4
Qd6 16. Ne5 Nfd5 17. Ne4 Qd8 18. Ng5 Nf5 19. Nexf7 Qe7 20. g4 Nfxe3 21. fxe3 h6
22. h4 hxg5 23. Nxg5 Bh6 24. Qd3 Kg7 25. e4 Bxg5 26. hxg5 Qxg5 27. Qg3 Rxf1+
28. Rxf1 Qe3+ 29. Qf2 Rf8 30. Qxe3 Rxf1+ 31. Kxf1 Nxe3+ 32. Ke2 Nxc4 33. bxc4
Bxe4 34. Kd2 Bc6 0-1

[Event "Ostsjaellands EMT 2007"]
[Site "Faxe"]
[Date "2007.04.18"]
[Round "3"]
[White "Eriksen, Keld"]
[Black "Jensen, Leif"]
[Result "1-0"]
[WhiteElo "1745"]
[BlackElo "2057"]
[PlyCount "93"]
[EventDate "2007.??.??"]

1. e4 e6 2. d4 d5 3. e5 c5 4. c3 Bd7 5. f4 Qb6 6. Qb3 Nc6 7. Qxb6 axb6 8. Nf3
Na5 9. Nbd2 Ne7 10. b4 cxb4 11. cxb4 Nac6 12. b5 Nb4 13. Kd1 Rxa2 14. Rxa2 Nxa2
15. Bb2 Nf5 16. Kc2 Ne3+ 17. Kb3 Nb4 18. Be2 Nxg2 19. Ra1 Bc8 20. Ra8 Kd7 21.
Ng5 Nxf4 22. Nxf7 Rg8 23. Bf1 Nbd3 24. Bc3 Be7 25. Kc2 Rf8 26. Nd6 Bxd6 27.
exd6 Ne1+ 28. Kd1 Neg2 29. Nf3 Ne3+ 30. Kc1 Ng6 31. Be2 Nf5 32. Ne5+ Nxe5 33.
dxe5 Ne3 34. Bd4 Nc4 35. Bxc4 dxc4 36. Ra4 Rf1+ 37. Kc2 Rh1 38. Rxc4 Rxh2+ 39.
Kb3 Rh5 40. Rc7+ Kd8 41. Bxb6 Bd7 42. Rxb7+ Ke8 43. Bd4 Rh1 44. b6 h5 45. Rxd7
Kxd7 46. b7 Rh3+ 47. Bc3 1-0

[Event "Ostsjaellands EMT 2007"]
[Site "Faxe"]
[Date "2007.04.18"]
[Round "3"]
[White "Christensen, Lars (1957)"]
[Black "Hansen, Knud"]
[Result "1-0"]
[WhiteElo "1974"]
[BlackElo "1660"]
[PlyCount "138"]
[EventDate "2007.??.??"]

1. e4 e5 2. f4 Bc5 3. Nf3 d6 4. b4 Bb6 5. Bc4 Nf6 6. Qe2 O-O 7. Bb2 exf4 8. Nc3
Nc6 9. b5 Nd4 10. Qd3 Ne6 11. O-O-O Nc5 12. Qe2 a6 13. d4 Ne6 14. bxa6 bxa6 15.
g3 Ng4 16. gxf4 Nxf4 17. Qd2 Nh3 18. Rdf1 Qe7 19. Bd3 c5 20. Nd5 Qa7 21. Qg2
cxd4 22. Nxb6 Nf4 23. Nxc8 Nxd3+ 24. Kd2 Raxc8 25. Bxd4 Qd7 26. Rhg1 Nde5 27.
h3 Qa4 28. Kd1 Qxd4+ 29. Nxd4 Ne3+ 30. Kd2 Nxg2 31. Rxg2 Ng6 32. Nf5 Rcd8 33.
h4 h5 34. Rfg1 Rfe8 35. Rg5 Rxe4 36. Rxh5 Re5 37. Rhg5 Rxf5 38. Rxf5 Nxh4 39.
Rf4 Ng6 40. Ra4 Ra8 41. Rb1 Kf8 42. Rb6 Ke7 43. Raxa6 Rxa6 44. Rxa6 Ne5 45. a4
g5 46. Ke3 f5 47. Kd4 Ke6 48. Rb6 Nd7 49. Rb1 Nc5 50. a5 g4 51. Re1+ Kd7 52.
Ke3 Ne6 53. Rb1 f4+ 54. Ke4 f3 55. Ke3 Kc6 56. a6 d5 57. a7 Nc7 58. Kf2 Na8 59.
Rb8 Nc7 60. a8=Q+ Nxa8 61. Rxa8 Kc5 62. Ra3 d4 63. Kg3 Kc4 64. Kxg4 f2 65. Rf3
f1=Q 66. Rxf1 Kc3 67. Rf2 Kc4 68. Kf3 d3 69. cxd3+ Kxd3 1-0

[Event "Ostsjaellands EMT 2007"]
[Site "Faxe"]
[Date "2007.04.18"]
[Round "3"]
[White "Hansen, Egon"]
[Black "Voigt, Keld"]
[Result "1/2-1/2"]
[WhiteElo "1546"]
[BlackElo "1303"]
[PlyCount "81"]
[EventDate "2007.??.??"]

1. d4 e6 2. Nf3 Nf6 3. Bg5 h6 4. Bh4 Be7 5. c4 c5 6. Nc3 Nc6 7. e3 cxd4 8. exd4
Ng4 9. Bxe7 Qxe7 10. h3 Nf6 11. Bd3 d5 12. O-O Qb4 13. Qb3 O-O 14. Rfd1 Qxb3
15. axb3 dxc4 16. bxc4 Rd8 17. Be2 a5 18. Nb5 Rd7 19. d5 exd5 20. cxd5 Rxd5 21.
Nc7 Rxd1+ 22. Rxd1 Rb8 23. Bc4 Bf5 24. Nd5 Nxd5 25. Bxd5 Nb4 26. Rd4 Nxd5 27.
Rxd5 Be4 28. Rxa5 Bxf3 29. gxf3 b5 30. b4 f5 31. f4 Rb6 32. h4 Kf7 33. Kf1 h5
34. Ke2 g6 35. Ke3 Ke6 36. Kd4 Kd6 37. Ra8 Rc6 38. Ke3 Kd5 39. Ra3 Ke6 40. Kd3
Kd6 41. Ra5 1/2-1/2

[Event "Ostsjaellands EMT 2007"]
[Site "Faxe"]
[Date "2007.04.18"]
[Round "3"]
[White "Nielsen, Poul Erik2"]
[Black "Eckert, Svend"]
[Result "0-1"]
[WhiteElo "1257"]
[BlackElo "1513"]
[PlyCount "104"]
[EventDate "2007.??.??"]

1. Nf3 Nc6 2. d4 d5 3. c4 Nf6 4. cxd5 Nxd5 5. e4 Nb6 6. d5 Nb8 7. Nc3 c6 8. Be2
g6 9. O-O Bg7 10. dxc6 Nxc6 11. Qxd8+ Nxd8 12. Nb5 Ne6 13. Rd1 a6 14. Nbd4 Nxd4
15. Nxd4 O-O 16. Be3 Nd7 17. Rac1 e6 18. Rc7 Be5 19. Rc2 Bg7 20. Rcd2 Nf6 21.
f3 e5 22. Nb3 Be6 23. Nc5 Rfe8 24. Nxe6 Rxe6 25. Bc4 Ree8 26. Bb6 Rac8 27. Bb3
Bh6 28. Rd8 Be3+ 29. Bxe3 Rcxd8 30. Rxd8 Rxd8 31. Bg5 Rd6 32. Be3 Kg7 33. g4 b5
34. g5 Nh5 35. Bd5 Nf4 36. Bc5 Rd7 37. Bc6 Rc7 38. Bd6 Nh3+ 39. Kg2 Rxc6 40.
Bxe5+ Kg8 41. Kxh3 Rc1 42. a3 Rg1 43. Bf6 Kf8 44. f4 Ke8 45. Bd4 Re1 46. e5 Re4
47. Bc3 Rxf4 48. Kg3 Rf5 49. h4 Kd7 50. Kg4 Ke6 51. h5 Kd5 52. hxg6 hxg6 0-1